| 000 | 00461nam a2200169Ia 4500 | ||
|---|---|---|---|
| 999 |
_c3 _d3 |
||
| 003 | OSt | ||
| 005 | 20201228100743.0 | ||
| 008 | 190216s9999||||xx |||||||||||||| ||und|| | ||
| 040 | _coclc | ||
| 082 |
_a297 _bAHM/I |
||
| 100 |
_aAhmed, Mirza Gulam _97882 |
||
| 245 | 0 |
_aIslam Matha Thathuajnanam / _cMirza Gulam Ahmed |
|
| 260 |
_bMinaret Publications, _c1962. |
||
| 300 | _a187p | ||
| 650 | _aArabic | ||
| 942 |
_cBK _2ddc _h297 _iAHM/I _k297 _mAHM/I |
||